100 Fruits, légumes, plantes aromatiques en anglais - difficile - Statistiques

Statistiques générales
  • Ce quiz a été pris 243 fois
    231 depuis la dernière actualisation
  • Le résultat moyen est 50 sur 100
Statistiques - réponses
Hint Réponse % Correct
petit pois pea
98%
pomme apple
97%
pêche peach
96%
citron lemon
95%
fraise strawberry
92%
tomate tomato
92%
carotte carrot
91%
poire pear
90%
noix de coco coconut
89%
banane banana
87%
champignons mushrooms
87%
orange orange
87%
concombre cucumber
85%
pastèque watermelon
85%
ananas pineapple
84%
cerise cherry
83%
raisin grape
83%
pomme de terre potatoe
82%
avocat avocado
80%
melon melon
79%
ail garlic
79%
épinard spinach
79%
basilic basil
78%
citron vert lime
78%
haricot bean
74%
poivron pepper
74%
kiwi kiwi
73%
mangue mango
73%
olive olive
72%
oignon onion
72%
framboise raspberry
71%
myrtille blueberry
69%
broccoli broccoli
69%
maïs corn
68%
gingembre ginger
66%
citrouille pumpkin
66%
mûre blackberry
65%
laitue lettuce
65%
menthe mint
63%
aubergine eggplant / aubergine
62%
pistache pistachio
62%
cacahuète peanut
61%
fruit de la passion passion fruit
60%
papaye papaya
58%
patate douce sweet potato
58%
abricot abricot
54%
courgette courgette / zucchini
53%
soja soy / soya / soybean
53%
cornichon pickle / gherkin
52%
amande almond
51%
figue fig
49%
lavande lavender
49%
kumquat kumquat
46%
rhubarbe rhubarb
46%
piment chilli
44%
rutabaga rutabaga
44%
cacao cocoa
43%
noix de pécan pecan
43%
choux cabbage
42%
mandarine mandarin orange / mandarin / tangerine
42%
ginseng ginseng
41%
radis radish
40%
coriandre coriander / cilantro
38%
céleri celery / celeriac
35%
poireau leek
35%
artichaut artichoke
34%
thym thyme
34%
asperge asparagus
33%
betterave beet / beetroot
33%
prune plum
33%
canneberge cranberry
32%
datte date
32%
combava combava / kaffir lime
31%
lentille lentil
29%
sauge sage
27%
persil parsley
23%
romarin rosemary
23%
origan oregano
22%
cassis blackcurrant
21%
réglisse licorice / liquorice
21%
marron chestnut
20%
litchi lychee
19%
goyave guava
18%
navet turnip
18%
citronnelle lemongrass
15%
groseille currant
13%
grenade pomegranate
13%
ciboulette chives
12%
courge marrow / squash / gourd
12%
camomille chamomile
10%
kaki persimmon
10%
ortie nettle
9%
fève broad bean / fava bean
8%
groseille à maquereau gooseberry
8%
panais parsnip
8%
coing quince
8%
chou-rave kohlrabi
6%
estragon tarragon
6%
figue de barbarie prickly pear
4%
nèfle medlar
3%
Aucun quiz correspondant
Distribution des résultats
% des personnes avec chaque résultat
Percentile par nombre de réponses
Votre historique - résultats
Vous n’avez pas pris ce quiz depuis la dernière actualisation